Letters in Science - Statistics

General Stats
  • This quiz has been taken 3 times
  • The average score is 8 of 10
Answer Stats
Hint Answer % Correct
The false positive rate, fine-structure constant or a helium nucleus lowercase alpha
100%
The charm quark, speed of light or a y-intercept lowercase c
100%
Neutrons, refractive index or 10^-9 lowercase n
100%
The unit for electrical inductance, enthalpy or the Hubble constant uppercase h
100%
Entropy, the unit of electric conductance or sulfur uppercase s
100%
Atomic number, integers or the partition function uppercase z
100%
The Stefan-Boltzmann constant, standard deviation or stress lowercase sigma
67%
Molar conductivity, the Lebesgue constant or the cosmological constant uppercase lambda
67%
The product operator, osmotic pressure or a plane uppercase pi
67%
The work function, phenyl functional group or magnetic flux lowercase phi
33%
No matching quizzes found
Score Distribution
Percent of People with Each Score
Percentile by Number Answered
Your Score History
You have not taken this quiz